00662 2200241 4500001002100000005001500021035002000036007000300056008004100059020002200100082001000122084001600132100001100148245008400159250001000243260003600253300003600289650002900325700001300354504003100367990001100398990001100409INLIS00000000000333920090101015039 a0010-0109000002ta090101 g 0 ind  a978-602-5568-00-8 a629.8 a629.8 BAS p0 aBASUKI1 aPanduan Praktis Perawatan Mobil Komponen Sistem Kelistrikan /cBasuki, Daryanto acet.1 aYogyakarta :bGava Media,c2018 aix, 337 hlm. :bilus. ;c23 cm. 4aMOBIL. PANDUAN PERAWATAN0 aDARYANTO aBibliografi : hlm. 327-337 a6648 a a6648 b